00879 2200301 4500001002100000005001500021035002000036007000300056008004100059020002200100040002200122082001700144084001900161100002700180245006500207250003500272300002500307650001300332700003000345850001200375504003300387264004300420336002100463337003000484338002300514990002000537990002000557INLIS00000000087476520221013103730 a0010-1022000208ta221013s2020 yoi g ind d a978-602-5790-67-6 aYOPDYOGbinderda04223a616.8554 a616.8554 NUR s0 aNurul Imaniepengarang10aStunting pada anak /cNurul Imani; penyunting, Teguh Sutanto aCetakan pertama, Februari 2020 a120 halaman ;c20 cm 4aStunting0 aTeguh Sutantoepenyunting aYOPDYOG aBibliografi: halaman 118-12031aSleman :bHijaz Pustaka Mandiri,c2020 2rdacontentateks 2rdamediaatanpa perantara 2rdacarrieravolume a69527-PD/A.2022 a69528-PD/A.2022